Nový mezinárodní ekonomický řád a světová ekonomika

Saved in:
Bibliographic Details
Main Author: Holub, Alois
Format: Book
Language:Czech
Published: Praha Academia 1980
Tags: Add Tag
No Tags, Be the first to tag this record!

MARC

LEADER 00000nam a2200000 4500
001 c139823
005 20041019155317.1
041 0 |a cze 
044 |a CZ 
245 1 0 |a Nový mezinárodní ekonomický řád a světová ekonomika  |c Alois Holub a kol. 
264 1 |a Praha  |b Academia  |c 1980 
300 |a 275 s. 
100 1 |a Holub, Alois